000 00662nam a2200229 a 4500
001 49674
003 BD-RjUL
005 20211209054719.0
008 160822s1962 xx 000 0 eng
035 _a(BD-RjUL) 49794
040 _aDLC
_cOClU
_dBD-RjUL
_beng
041 _aeng
082 _223
_a364.34
_bTRE 1962
100 1 _aTrasler, Gordon
_9148944
245 1 4 _aThe explanation of criminality /
260 _aLondon :
_bRoutledge & K. Paul,
_cc1962
300 _a134p. ;
_c23cm.
490 0 _aInternational library of sociology and social reconstruction
504 _aIncludes bibliography.
650 0 _aCrime and criminals
_9148945
942 _2ddc
_cBK
999 _c49674
_d49674